Reading statistics and research. (Record no. 594515)
[ view plain ]
| 000 -LEADER | |
|---|---|
| fixed length control field | 01024cam a2200289 a 4500 |
| 001 - CONTROL NUMBER | |
| control field | 3506414 |
| 005 - DATE AND TIME OF LATEST TRANSACTION | |
| control field | 20230414125444.0 |
| 008 - FIXED-LENGTH DATA ELEMENTS--GENERAL INFORMATION | |
| fixed length control field | 950622s1996 nyua bs 001 0 eng |
| 010 ## - LIBRARY OF CONGRESS CONTROL NUMBER | |
| LC control number | 95031606 |
| 020 ## - INTERNATIONAL STANDARD BOOK NUMBER | |
| International Standard Book Number | 0065006062 |
| 040 ## - CATALOGING SOURCE | |
| Original cataloging agency | DLC |
| Transcribing agency | DLC |
| Modifying agency | DLC |
| 050 00 - LIBRARY OF CONGRESS CALL NUMBER | |
| Classification number | QA276 |
| Item number | .H788 1996 |
| 082 00 - DEWEY DECIMAL CLASSIFICATION NUMBER | |
| Classification number | 001.4 |
| Edition number | 20 |
| Author Mark | HUC |
| 100 1# - MAIN ENTRY--PERSONAL NAME | |
| Personal name | Huck, Schuyler W. |
| 9 (RLIN) | 111921 |
| 245 10 - TITLE STATEMENT | |
| Title | Reading statistics and research. |
| 250 ## - EDITION STATEMENT | |
| Edition statement | 2nd ed. / |
| Remainder of edition statement | Schuyler W. Huck, William H. Cormier. |
| 260 ## - PUBLICATION, DISTRIBUTION, ETC. | |
| Place of publication, distribution, etc. | New York : |
| Name of publisher, distributor, etc. | HarperCollins, |
| Date of publication, distribution, etc. | c1996. |
| 300 ## - PHYSICAL DESCRIPTION | |
| Extent | xx, 652 p. : |
| Other physical details | ill. ; |
| Dimensions | 24 cm. |
| 504 ## - BIBLIOGRAPHY, ETC. NOTE | |
| Bibliography, etc. note | Includes bibliographical references (p. 641-642) and index. |
| 650 #0 - SUBJECT ADDED ENTRY--TOPICAL TERM | |
| Topical term or geographic name entry element | Statistics. |
| 9 (RLIN) | 69 |
| 650 #0 - SUBJECT ADDED ENTRY--TOPICAL TERM | |
| Topical term or geographic name entry element | Research. |
| 9 (RLIN) | 552 |
| 650 #0 - SUBJECT ADDED ENTRY--TOPICAL TERM | |
| Topical term or geographic name entry element | Experimental design. |
| 9 (RLIN) | 10527 |
| 700 1# - ADDED ENTRY--PERSONAL NAME | |
| Personal name | Cormier, William H. |
| Fuller form of name | (William Henry), |
| Dates associated with a name | 1933- |
| 9 (RLIN) | 111922 |
| 906 ## - LOCAL DATA ELEMENT F, LDF (RLIN) | |
| a | 7 |
| b | cbc |
| c | orignew |
| d | 1 |
| e | ocip |
| f | 19 |
| g | y-gencatlg |
| 942 ## - ADDED ENTRY ELEMENTS (KOHA) | |
| Source of classification or shelving scheme | |
| Koha item type | Book |
| Withdrawn status | Lost status | Source of classification or shelving scheme | Damaged status | Not for loan | Permanent Location | Current Location | Shelving location | Date acquired | Total Checkouts | Full call number | Barcode | Date last seen | Price effective from | Koha item type |
|---|---|---|---|---|---|---|---|---|---|---|---|---|---|---|
| School of Mechanical & Manufacturing Engineering (SMME) | School of Mechanical & Manufacturing Engineering (SMME) | General Stacks | 04/14/2023 | 001.4 HUC | SMME-3776 | 04/14/2023 | 04/14/2023 | Book |
